000 00794cab a2200241 4500
001 WB3105-20
008 090401t1995 xxu||||| |||| 00| 0 eng d
035 _a(Sirsi) u19915
041 _aeng
245 _aBill for Heathrow tunnel collapse
260 _c1995
350 _a0
490 _aEvening Standard
_v27 January 1995, 6(1)
520 _aIn one of the biggest insurance claims for a civil engineering project ever, estimates for cover for the collapse the Heathrow Express tunnel in October 1993 amount to £50m.
650 _aHEATHROW AIRPORT
650 _aNEW AUSTRIAN TUNNELLING METHOD
650 _aTUNNELS
690 _aBUILDING AND CONSTRUCTION-PROJECTS
690 _aINSURANCE
_96249
690 _aTRANSPORT AND COMMUNICATIONS
942 _n0
948 _c04/03/1997
999 _c13348
_d13348